The nature and properties of soils: a college text of edaphology
Saved in:
| Main Authors: | , |
|---|---|
| Format: | Book |
| Language: | English |
| Published: |
Nueva York
Macmillan
1943
|
| Edition: | 4a. ed |
| Series: | Agricultural science series
|
| Subjects: | |
| Tags: |
Add Tag
No Tags, Be the first to tag this record!
|
MARC
| LEADER | 00000nam a2200000 a 4500 | ||
|---|---|---|---|
| 001 | UCV7203 | ||
| 003 | CL-VaPUC | ||
| 008 | 890821e19430000US |||||||||||||||||eng|d | ||
| 082 | 0 | 4 | |a 631.4 |b LYO |2 21 |
| 100 | |a Lyon, Thomas Lyttleton |e autor |9 301251 | ||
| 700 | 0 | |a Buckman, Harry Oliver |e author |9 301252 | |
| 245 | 1 | 4 | |a The nature and properties of soils: a college text of edaphology |
| 250 | |a 4a. ed | ||
| 300 | |a 499 p | ||
| 942 | |c BK | ||
| 945 | |d 19890821 00:00:00 | ||
| 260 | |a Nueva York |b Macmillan |c 1943 | ||
| 650 | 7 | |a EDAFOLOGIA |2 CL-VaPUC |9 301253 | |
| 583 | |a last modification |c 19890821 00:00:00 |k Rodrigo Vera | ||
| 490 | 0 | |a Agricultural science series | |
| 999 | |c 212921 |d 212919 | ||